000 00572nam a2200169Ia 4500
003 GCL
008 140319s9999 xx 000 0 ara d
040 _aGCL /
_cGCL
082 0 4 _a153.736
_bع ل
245 1 0 _aاللاوعى الثقافى ولغة الجسد والتواصل غير اللفظى فى الذات العربية
300 _a255
490 _aالتحليل النفسى والانسانى للذات العربية
_v0
650 0 4 _aالتحليل النفسى
650 0 4 _aالادراك
650 0 4 _aالادراك السامى
942 _2ddc
_cBK
999 _c43043
_d43043